MARC

LEADER 00000nab a2200000 ar4500
001 vtls009344535
003 SK-MaSNL
005 20260303203746.0
008 180907c2008 xo wr|p|||||||000 b|slo
038 |a PPPK 
040 |a PPPKCL  |b slo  |c PPPKCL  |e AACR2 
041 0 |a slo 
044 |a xo  |c SK 
080 |a 796.524.071.4  |x (234.372.4)  |2 2001 
080 |a 659.2:061  |2 2001 
245 0 0 |a Horskí vodcovia sú nejednotní  |c [autor] (mna) 
300 |b Fotogr. 
610 2 7 |a Spolok horských vodcov (Vysoké Tatry, Slovensko)  |2 pppkcl  |9 1049652 
610 2 7 |a Horská záchranná služba (Vysoké Tatry, Slovensko)  |b Kancelária horských vodcov  |2 snkbucl  |9 1236635 
650 0 7 |a horskí vodcovia  |2 pppkcl  |9 70065 
650 0 7 |a informačné služby  |2 pppkcl  |9 49796 
650 0 7 |a informačné strediská  |2 pppkcl  |9 63914 
651 7 |a Vysoké Tatry (Poľsko a Slovensko : pohorie)  |2 SNKPHgeo  |9 67729 
773 0 |t Podtatranské noviny  |g Roč. IL, č. 36 (2008), s. 2 
852 |a PPPK  |b KIS3GCP 
999 |c 2186978  |d 2188908